| 000 | 01156cam a2200361 i 4500 | ||
|---|---|---|---|
| 999 |
_c68727 _d18580 |
||
| 001 | 68727 | ||
| 003 | TR-AnTOB | ||
| 005 | 20201203121340.0 | ||
| 007 | ta | ||
| 008 | 080325s2002 tu a0 tu tur d | ||
| 020 | _a9756589159 | ||
| 040 |
_aTR-AnTOB _beng _erda _cTR-AnTOB |
||
| 041 | 1 |
_atur _heng |
|
| 050 | 1 | 4 | _aHF5386.5 |
| 090 |
_aHF5386.5 _bC5319 2002 |
||
| 100 | 1 |
_aClarke, Jane _eauthor _941566 |
|
| 240 | 1 | 0 |
_aOffice Politics. _lTurkish |
| 245 | 1 | 0 |
_aİşyerinde iletişim ve politika : _bmaymuncuk / _cJane Clarke ; çeviren Zülfü Dicleli. |
| 246 | 3 | 0 | _aMaymuncuk. |
| 250 | _aAralık 2002, İstanbul | ||
| 264 | 1 |
_aİstanbul : _bMESS Türkiye Metal Sanayicileri Sendikası, _c2002. |
|
| 300 |
_a178 pages : _billustrations ; _c24 cm |
||
| 336 |
_atext _btxt _2rdacontent |
||
| 337 |
_aunmediated _bn _2rdamedia |
||
| 338 |
_avolume _bnc _2rdacarrier |
||
| 490 | 0 |
_aMess Yayın No ; _v390 |
|
| 650 | 7 |
_aÖrgütsel davranış _2etuturkob _96539 |
|
| 650 | 7 |
_aBüro politikası _2etuturkob _9127841 |
|
| 700 | 1 |
_aDicleli, Zülfü _etranslator _933428 |
|
| 710 | 2 | 2 |
_aMESS (Union) _974747 |
| 942 |
_cBK _2lcc |
||